| 000 | 00773nam a2200205 a 4500 | ||
|---|---|---|---|
| 001 | 1052 | ||
| 005 | 20140414131848.0 | ||
| 008 | 041014s19uu xx 00 eng d | ||
| 020 | _a0-380-78430-0 | ||
| 050 |
_aM 372.6 _bF62 1996 |
||
| 100 | _aFletcher, Ralph | ||
| 245 |
_aA writer's notebook : _bunlocking the writer within you / _cRalph Fletcher. |
||
| 260 |
_aNew York : _bAvon Books, _c1996. |
||
| 300 | _a128 p. : ill. ; cm. | ||
| 520 | _aDiscusses the various kind of things to keep in a writer's notebook--seed ideas, mind pictures, lists, memories, samples of other writer's work. | ||
| 650 |
_aEnglish language _xComposition and exercises _xJuvenile literature. |
||
| 650 |
_aNotebooks _xJuvenile literature. |
||
| 650 | _aCreative writing. | ||
| 999 |
_c110022 _d110022 |
||